| 000 | 01727nam a2200289 i 4500 | ||
|---|---|---|---|
| 001 | 768714001 | ||
| 003 | CO-MdFUSB | ||
| 005 | 20240723160847.0 | ||
| 007 | ta | ||
| 008 | 240723b |||||||| |||| 00| 0 eng d | ||
| 040 |
_aCO-MdFUSB _bspa _cCO-MdFUSB _dCO-MdFUSBC _erda |
||
| 041 | _aspa | ||
| 082 |
_223 _a238.11 _bJ61 |
||
| 100 |
_aJiménez, Óscar, _eautor |
||
| 245 | 1 |
_a¿En qué creemos? _b: conociendo las verdades que definen y sostienen nuestra fe. _c/ Oscar Jiménez |
|
| 264 | 1 |
_aColombia : _bIndependently Published, _c[2021] |
|
| 264 | 1 | _c©2021 | |
| 300 |
_a154 páginas _c; 23 cm. |
||
| 336 |
_2rdacontent _atexto _btxt |
||
| 337 |
_2rdamedia _asin mediación _bn |
||
| 338 |
_2rdacarrier _avolumen _bnc |
||
| 505 |
_gCapítulo 1 _tCreo en _aCAPÍTULO 2 _gCreo en Dios, padre, Todopoderoso, creador del cielo y de la tierra _gCAPÍTULO 3 _tCreo en Jesucristo, su único Hijo, nuestro señor _gCAPÍTULO 4 _tCreo que fue concebido por el Espíritu Santo, nacido de la virgen María _gCAPÍTULO 5 _tCreo que padeció bajo el poder de poncio Pilato; sufrió, fue crucificado, fue muerto y sepultado _gCAPÍTULO 6 _tCreo que descendió al hades y al tercer día resucitó de entre los muertos _gCAPÍTULO 7 _tCreo que ascendió al cielo y está sentado a la derecha de Dios padre, Todopoderoso _gCAPÍTULO 8 _tCreo que juzgará a los vivos y a los muertos _gCAPÍTULO 09 _tCreo en el Espíritu Santo _gCAPÍTULO 10 _tCreo en la iglesia universal y la comunión de todos los santos _gCAPÍTULO 11 _tCreo en el perdón de pecados _gCAPITULO 12 _tCreo en la resurrección del cuerpo _gCAPÍTULO 13 _tCreo en La vida eterna |
||
| 563 | _aRústico | ||
| 650 | 0 |
_aCredos _9683 |
|
| 942 | _cBK | ||
| 945 | _aAstrid | ||
| 999 |
_c70564 _d70564 |
||